[Event "28th 4NCL Congress"]
[Site "Leamington Spa"]
[Date "2022.07.10"]
[Round "4"]
[Board "21"]
[White "Cave, Iwan"]
[Black "Richmond, Jane"]
[Result "0-1"]
[WhiteElo "1994"]
[BlackElo "2152"]
[PlyCount "150"]
[EventDate "2022.07.08"]
[EventRounds "5"]
[EventCountry "ENG"]

1. e4 e5 2. Nf3 Nc6 3. Bb5 Nge7 4. c3 a6 5. Ba4 d6 6. d4 Ng6 7. h4 Be7 8. g3 h5
9. Qd3 Bd7 10. Be3 b5 11. Bc2 exd4 12. cxd4 Nb4 13. Qc3 Nxc2+ 14. Qxc2 c5 15.
Nbd2 Rc8 16. Bg5 Bg4 17. d5 Bf6 18. Rc1 O-O 19. O-O Re8 20. Rfe1 Qe7 21. b3 c4
22. Bxf6 Qxf6 23. Qc3 Qxc3 24. Rxc3 cxb3 25. Rxb3 f5 26. Nd4 fxe4 27. Rbe3 Re5
28. N2b3 Rxd5 29. Rxe4 Re5 30. f3 Bd7 31. f4 Rxe4 32. Rxe4 Rc4 33. Re2 Kf7 34.
Kf2 Kf6 35. Rd2 Ne7 36. Rd3 Bg4 37. Nd2 Ra4 38. Ne4+ Kg6 39. a3 Nf5 40. Nxf5
Rxe4 41. Ne3 Re6 42. Rd5 Kf7 43. f5 Rf6 44. Ke1 Bh3 45. Kd2 g6 46. fxg6+ Kxg6
47. Kc3 Bd7 48. Kd4 Kh6 49. Nc2 Rg6 50. Nb4 a5 51. Nd3 Bc6 52. Rf5 Rxg3 53. Nf4
Rxa3 54. Rxh5+ Kg7 55. Ne6+ Kf6 56. Rh6+ Ke7 57. Ng7 Ra4+ 58. Kc3 Rc4+ 59. Kb2
Be4 60. Rh5 Rc5 61. Rxc5 dxc5 62. Nh5 Ke6 63. Nf4+ Ke5 64. Ne2 Bd3 65. Nc3 b4
66. Na4 Kd4 67. h5 c4 68. h6 c3+ 69. Ka2 Bh7 70. Nb6 Bg8+ 71. Kb1 b3 72. Na4
Kc4 73. Nb6+ Kd3 74. Na4 Kd2 75. Nb2 c2+  0-1

[Event "28th 4NCL Congress"]
[Site "Leamington Spa"]
[Date "2022.07.10"]
[Round "4"]
[Board "22"]
[White "Murawski, Jan"]
[Black "Jina, Taran"]
[Result "0-1"]
[WhiteElo "1963"]
[BlackElo "2131"]
[PlyCount "48"]
[EventDate "2022.07.08"]
[EventRounds "5"]
[EventCountry "ENG"]

1. e4 e6 2. b3 d5 3. Bb2 c5 4. Nc3 Nc6 5. Nf3 Be7 6. d4 Nf6 7. exd5 exd5 8.
dxc5 Bxc5 9. Qe2+ Be6 10. O-O-O Qe7 11. Na4 Ba3 12. Ne5 Rc8 13. Nxc6 Rxc6 14.
f3 O-O 15. Qe5 Rfc8 16. Bd3 a6 17. Bxa3 Qxa3+ 18. Kb1 b5 19. Nb2 d4 20. Qxd4
Nd5 21. Be4 Nc3+ 22. Kc1 Ne2+ 23. Kb1 Nxd4 24. Rxd4 Rd6  0-1

[Event "28th 4NCL Congress"]
[Site "Leamington Spa"]
[Date "2022.07.10"]
[Round "4"]
[Board "23"]
[White "Shearsby, Jude"]
[Black "Gibson, Christopher A"]
[Result "1-0"]
[WhiteElo "2071"]
[BlackElo "1947"]
[PlyCount "53"]
[EventDate "2022.07.08"]
[EventRounds "5"]
[EventCountry "ENG"]

1. e4 c5 2. Nf3 Nc6 3. Bb5 g6 4. Bxc6 dxc6 5. d3 Bg7 6. Nc3 Nf6 7. O-O Bg4 8.
Be3 Nd7 9. h3 Bxf3 10. Qxf3 e5 11. a3 Qe7 12. Rfb1 Nf8 13. b4 Ne6 14. bxc5 Nxc5
15. Bxc5 Qxc5 16. Rxb7 O-O 17. Rb3 Bh6 18. Qe2 Bg5 19. Rab1 Bd8 20. Na4 Qd6 21.
Nb2 Qc5 22. Nc4 Re8 23. Qe3 Qf8 24. Rb7 Be7 25. Nxe5 Bc5 26. Qf4 Re7 27. Nd7
 1-0

[Event "28th 4NCL Congress"]
[Site "Leamington Spa"]
[Date "2022.07.10"]
[Round "4"]
[Board "24"]
[White "Wedge, David C"]
[Black "Pink, Joshua"]
[Result "0-1"]
[WhiteElo "1927"]
[BlackElo "2066"]
[PlyCount "90"]
[EventDate "2022.07.08"]
[EventRounds "5"]
[EventCountry "ENG"]

1. e4 c6 2. d4 d5 3. Nd2 dxe4 4. Nxe4 Bf5 5. Ng3 Bg6 6. h4 h6 7. Nf3 Nd7 8. h5
Bh7 9. Bd3 Bxd3 10. Qxd3 e6 11. Bf4 Qa5+ 12. c3 Ngf6 13. b4 Qb5 14. Qxb5 cxb5
15. a4 bxa4 16. Rxa4 a6 17. Ke2 Rc8 18. Bd2 Bd6 19. Ra2 O-O 20. Rc2 Bxb4 21.
Rb1 Bd6 22. Rxb7 Rb8 23. Rcb2 Bxg3 24. fxg3 Nxh5 25. g4 Nhf6 26. Bf4 Rbc8 27.
Bd6 Rfe8 28. Ra7 Rc6 29. Be5 Rxc3 30. Bxf6 Nxf6 31. Ne5 Rec8 32. Rbb7 Rc2+ 33.
Kf1 Rc1+ 34. Kf2 R8c2+ 35. Kg3 Rg1 36. Rxf7 Rgxg2+ 37. Kh3 Rh2+ 38. Kg3 Rcg2+
39. Kf3 Rf2+ 40. Ke3 Nd5+ 41. Kd3 Rh3+ 42. Nf3 Rfxf3+ 43. Rxf3 Rxf3+ 44. Ke2
Rf4 45. Rxa6 Kf7  0-1

[Event "28th 4NCL Congress"]
[Site "Leamington Spa"]
[Date "2022.07.10"]
[Round "4"]
[Board "25"]
[White "Subramanian, Anusha"]
[Black "Dignam, Matthew P"]
[Result "0-1"]
[WhiteElo "1705"]
[BlackElo "2289"]
[PlyCount "74"]
[EventDate "2022.07.08"]
[EventRounds "5"]
[EventCountry "ENG"]

1. b3 e5 2. Bb2 d6 3. c4 f5 4. e3 Nf6 5. Ne2 b6 6. Nbc3 Bb7 7. d4 Nbd7 8. d5 g6
9. g3 h5 10. h4 Bh6 11. Qc2 O-O 12. Bg2 Ng4 13. Ng1 e4 14. Nb5 Nde5 15. Bxe5
Nxe5 16. Bf1 Qf6 17. Nd4 Rae8 18. Be2 Nd3+ 19. Kf1 Nxf2 20. Kxf2 Bxe3+ 21. Kg2
Bxd4 22. Rf1 c6 23. dxc6 Bxc6 24. Kh2 Be5 25. Kg2 Bxg3 26. Kxg3 f4+ 27. Kh3 f3
28. Nxf3 exf3 29. Bd1 Bd7+ 30. Kg3 Qf4+ 31. Kf2 Qe3+ 32. Kg3 f2+ 33. Kg2 Bc6+
34. Kh2 Qf4+ 35. Kh3 Re3+ 36. Bf3 Rxf3+ 37. Kg2 Qg3#  0-1

[Event "28th 4NCL Congress"]
[Site "Leamington Spa"]
[Date "2022.07.10"]
[Round "4"]
[Board "26"]
[White "Martin, Lewis"]
[Black "Basson, Heinrich"]
[Result "1-0"]
[WhiteElo "2273"]
[BlackElo "1983"]
[PlyCount "77"]
[EventDate "2022.07.08"]
[EventRounds "5"]
[EventCountry "ENG"]

1. e4 d5 2. exd5 Qxd5 3. Nc3 Qd6 4. Bc4 Nf6 5. d3 c6 6. Nge2 Bf5 7. h3 h6 8.
Bf4 Qd8 9. g4 Bg6 10. Qd2 e6 11. O-O-O Bd6 12. Rde1 Be7 13. Bh2 Nd5 14. f4 b5
15. Bxd5 exd5 16. f5 Bh7 17. Kb1 O-O 18. Nd4 Bb4 19. Bxb8 Qb6 20. Nxc6 Qxc6 21.
Be5 f6 22. Bd4 Rfe8 23. Rxe8+ Rxe8 24. Bxa7 d4 25. Re1 dxc3 26. Rxe8+ Kf7 27.
bxc3 Bxc3 28. Re6 Qh1+ 29. Qc1 Qd5 30. d4 g6 31. Bc5 g5 32. Re7+ Kg8 33. Re3 b4
34. a3 Kh8 35. Rxc3 bxc3 36. Qe3 Qh1+ 37. Qc1 Qd5 38. Qe1 Qc4 39. Bb4  1-0

[Event "28th 4NCL Congress"]
[Site "Leamington Spa"]
[Date "2022.07.10"]
[Round "4"]
[Board "27"]
[White "Cast, Julian"]
[Black "James, Russell A"]
[Result "1/2-1/2"]
[WhiteElo "2021"]
[BlackElo "2148"]
[PlyCount "100"]
[EventDate "2022.07.08"]
[EventRounds "5"]
[EventCountry "ENG"]

1. d4 Nf6 2. e3 d6 3. Nf3 g6 4. Be2 Bg7 5. O-O O-O 6. b3 c5 7. Bb2 b6 8. c4 Bb7
9. Nc3 e6 10. Qc2 a6 11. Rad1 Qc7 12. dxc5 bxc5 13. h3 Rd8 14. Rd2 Nc6 15. Rfd1
Rac8 16. Qb1 e5 17. Nd5 Nxd5 18. cxd5 Nb8 19. e4 Nd7 20. Rc2 Rf8 21. Bc3 Bh6
22. Bd2 Bxd2 23. Rcxd2 Rb8 24. Qc2 Bc8 25. Bc4 Qd8 26. Qd3 a5 27. Qe3 Kg7 28.
Re1 Nf6 29. g4 Qe7 30. Nh2 h6 31. Nf1 Nh7 32. Bd3 Qh4 33. Qg3 Qxg3+ 34. Nxg3
Bd7 35. Bc4 a4 36. Rd3 axb3 37. Rxb3 Rxb3 38. Bxb3 Rb8 39. Rc1 Bb5 40. Kg2 c4
41. Bd1 Ra8 42. Be2 Nf6 43. Rc2 Nd7 44. Bxc4 Ba4 45. Bb3 Bxb3 46. axb3 Nc5 47.
b4 Nd3 48. Rc6 Nf4+ 49. Kh2 Ra2 50. Nh1 Ra3  1/2-1/2

[Event "28th 4NCL Congress"]
[Site "Leamington Spa"]
[Date "2022.07.10"]
[Round "4"]
[Board "28"]
[White "Hill, Andy"]
[Black "Arora, Tashika"]
[Result "1-0"]
[WhiteElo "2008"]
[BlackElo "2090"]
[PlyCount "101"]
[EventDate "2022.07.08"]
[EventRounds "5"]
[EventCountry "ENG"]

1. Nf3 Nf6 2. c4 e6 3. e3 b6 4. Nc3 Bb7 5. Be2 Be7 6. O-O O-O 7. Qc2 h6 8. b3
c5 9. d4 d5 10. dxc5 Bxc5 11. Rd1 Qe7 12. cxd5 Nxd5 13. Nxd5 exd5 14. Bb2 Nd7
15. Nd4 g6 16. Qc3 f6 17. Qc2 Kh7 18. h4 Rac8 19. Qb1 f5 20. h5 Bxd4 21. hxg6+
Kxg6 22. Rxd4 h5 23. Qd1 Qg5 24. Bf3 Nf6 25. Ba3 Rf7 26. Bd6 Kh7 27. Bg3 Ne4
28. Bf4 Qf6 29. Bxh5 Rg7 30. Bf3 Nc3 31. Qf1 a6 32. a4 Ne4 33. Bxe4 fxe4 34.
Rc1 Rh8 35. f3 Kg8 36. fxe4 Rgh7 37. Kf2 a5 38. Qb5 Qh4+ 39. Ke2 Qg4+ 40. Kd3
dxe4+ 41. Kc3 Qc8+ 42. Kb2 Qf8 43. Qxb6 Re7 44. Rd8 Re8 45. Rxe8 Qxe8 46. Qxb7
Rh7 47. Qd5+ Kf8 48. Bd6+ Kg7 49. Qg5+ Kf7 50. Rc7+ Ke6 51. Qe5#  1-0

[Event "28th 4NCL Congress"]
[Site "Leamington Spa"]
[Date "2022.07.10"]
[Round "4"]
[Board "29"]
[White "Phan, Stefanus"]
[Black "Miller, George I"]
[Result "0-1"]
[WhiteElo "2049"]
[BlackElo "1847"]
[PlyCount "72"]
[EventDate "2022.07.08"]
[EventRounds "5"]
[EventCountry "ENG"]

1. c4 Nf6 2. g3 g6 3. Bg2 Bg7 4. Nc3 c5 5. Nf3 O-O 6. d4 cxd4 7. Nxd4 Nc6 8.
O-O Qa5 9. Nb3 Qh5 10. c5 d6 11. cxd6 Rd8 12. e4 Bg4 13. f3 Bh3 14. Bf4 exd6
15. Qe1 Bxg2 16. Kxg2 g5 17. g4 Qg6 18. Bg3 h5 19. h3 h4 20. Bh2 d5 21. e5 Nd7
22. f4 f5 23. exf6 Nxf6 24. fxg5 Qxg5 25. Rf5 Qg6 26. Qxh4 d4 27. Ne2 Nd5 28.
Bg1 Qe6 29. Re1 Qe4+ 30. Rf3 Re8 31. Bf2 Ne3+ 32. Bxe3 dxe3 33. Ng3 Qd5 34. Nf5
Ne5 35. Rexe3 Nxf3 36. Rxf3 Re2+  0-1

[Event "28th 4NCL Congress"]
[Site "Leamington Spa"]
[Date "2022.07.10"]
[Round "4"]
[Board "30"]
[White "Weersing, Abigail R"]
[Black "Bill, Vincenz"]
[Result "1/2-1/2"]
[WhiteElo "2041"]
[BlackElo "1940"]
[PlyCount "61"]
[EventDate "2022.07.08"]
[EventRounds "5"]
[EventCountry "ENG"]

1. d4 Nf6 2. c4 e6 3. Nc3 Bb4 4. Qc2 c5 5. Nf3 O-O 6. Bg5 b6 7. e4 cxd4 8. Nxd4
d6 9. Bd3 h6 10. Bh4 e5 11. Bxf6 Qxf6 12. Nde2 Nc6 13. O-O Bc5 14. Nd5 Qg5 15.
Kh1 Be6 16. f4 Qh4 17. a3 Nd4 18. Nxd4 Bxd4 19. f5 Bxd5 20. exd5 e4 21. Bxe4
Rfe8 22. Rae1 Be5 23. g4 Re7 24. Qf2 Qxf2 25. Rxf2 Rae8 26. Bf3 Bf6 27. Rxe7
Rxe7 28. Kg2 Re3 29. Bd1 Re1 30. Bf3 Re3 31. Bd1  1/2-1/2

[Event "28th 4NCL Congress"]
[Site "Leamington Spa"]
[Date "2022.07.10"]
[Round "4"]
[Board "33"]
[White "Mulay, Partha"]
[Black "Sandhu, Manvith"]
[Result "1-0"]
[WhiteElo "2139"]
[BlackElo "1952"]
[PlyCount "81"]
[EventDate "2022.07.08"]
[EventRounds "5"]
[EventCountry "ENG"]

1. Nf3 d5 2. c4 c6 3. e3 Nf6 4. Nc3 e6 5. b3 Nbd7 6. Qc2 Bd6 7. Bb2 O-O 8. Be2
b6 9. Rg1 Bb7 10. g4 Nc5 11. g5 Nfe4 12. d3 Nxc3 13. Qxc3 e5 14. Nxe5 Ne6 15.
h4 d4 16. exd4 Bxe5 17. dxe5 c5 18. O-O-O Nd4 19. Bg4 Bc8 20. Kb1 Bxg4 21. Rxg4
Qd7 22. Re4 Rfe8 23. Qc1 a5 24. Bxd4 cxd4 25. Qb2 Rad8 26. Rc1 Re6 27. Rg1 b5
28. cxb5 Qxb5 29. Rxd4 Rxd4 30. Qxd4 Rxe5 31. Rc1 Re8 32. f4 a4 33. b4 Qf5 34.
h5 f6 35. h6 g6 36. gxf6 Rf8 37. Rc6 a3 38. Rd6 Qh3 39. f7+ Rxf7 40. Rd8+ Rf8
41. Qg7#  1-0

[Event "28th 4NCL Congress"]
[Site "Leamington Spa"]
[Date "2022.07.10"]
[Round "4"]
[Board "34"]
[White "Liu, Jack"]
[Black "Ireland, David J"]
[Result "0-1"]
[WhiteElo "1947"]
[BlackElo "2106"]
[PlyCount "86"]
[EventDate "2022.07.08"]
[EventRounds "5"]
[EventCountry "ENG"]

1. e4 Nf6 2. e5 Nd5 3. d4 d6 4. c4 Nb6 5. exd6 exd6 6. Nf3 Bg4 7. Be3 Be7 8.
Nbd2 Nc6 9. Be2 O-O 10. O-O Re8 11. Rc1 Bf6 12. Re1 d5 13. c5 Nc8 14. Nf1 N8e7
15. Ng3 Nf5 16. Nxf5 Bxf5 17. Qd2 h6 18. h3 Qd7 19. Nh2 Re7 20. Ng4 Qe6 21. Bf3
Bxg4 22. Bxg4 Qe4 23. Bf3 Qf5 24. Bg4 Qg6 25. Bf3 Rd8 26. Bd1 Rde8 27. Bc2 Qh5
28. Qd3 g6 29. Ba4 Qh4 30. Bxc6 bxc6 31. Rcd1 Re4 32. Rf1 g5 33. Qd2 Kh8 34. b4
h5 35. g3 Qxh3 36. Bxg5 Bxd4 37. Bf6+ Bxf6 38. Qh6+ Kg8 39. Qxf6 R8e6 40. Qd8+
Kg7 41. Rd3 h4 42. Qxc7 Re1 43. Rd1 Qxf1+  0-1

[Event "28th 4NCL Congress"]
[Site "Leamington Spa"]
[Date "2022.07.10"]
[Round "4"]
[Board "35"]
[White "Vleeshhouwer, Douglas"]
[Black "Hertog, Alexander"]
[Result "1/2-1/2"]
[WhiteElo "2062"]
[BlackElo "1801"]
[PlyCount "57"]
[EventDate "2022.07.08"]
[EventRounds "5"]
[EventCountry "ENG"]

1. b3 d5 2. Bb2 Bf5 3. e3 e6 4. h3 h6 5. d4 Nf6 6. Nc3 a6 7. Bd3 Bxd3 8. Qxd3
Bd6 9. O-O-O Nc6 10. Nge2 Qe7 11. Kb1 O-O-O 12. f3 Nb4 13. Qd2 c5 14. Na4 cxd4
15. Nxd4 Qc7 16. Rc1 Kb8 17. c4 dxc4 18. Rxc4 Qe7 19. Qe2 Rc8 20. Rhc1 Rxc4 21.
Qxc4 Nd7 22. a3 Ne5 23. Qc3 Nbd3 24. f4 Nxb2 25. Nxb2 Nd7 26. Nc4 Rc8 27. Qb2
g6 28. Nxd6 Rxc1+ 29. Qxc1  1/2-1/2

[Event "28th 4NCL Congress"]
[Site "Leamington Spa"]
[Date "2022.07.10"]
[Round "4"]
[Board "36"]
[White "Vijayakumar, Rishi"]
[Black "Bourne, Johnathan D"]
[Result "1/2-1/2"]
[WhiteElo "1867"]
[BlackElo "1992"]
[PlyCount "30"]
[EventDate "2022.07.08"]
[EventRounds "5"]
[EventCountry "ENG"]

1. d4 Nf6 2. Nf3 g6 3. Nbd2 d5 4. e3 Bg7 5. b4 a5 6. b5 Nbd7 7. a4 c5 8. Bb2
O-O 9. c4 cxd4 10. Bxd4 Re8 11. cxd5 Nxd5 12. Bc4 Bxd4 13. Nxd4 N7b6 14. Bb3 e5
15. Ne2 Be6  1/2-1/2

[Event "28th 4NCL Congress"]
[Site "Leamington Spa"]
[Date "2022.07.10"]
[Round "4"]
[Board "37"]
[White "Bramson, Mike"]
[Black "Simpson, Joshua"]
[Result "1-0"]
[WhiteElo "1976"]
[BlackElo "2022"]
[PlyCount "29"]
[EventDate "2022.07.08"]
[EventRounds "5"]
[EventCountry "ENG"]

1. e4 c5 2. Nf3 Nc6 3. Nc3 g6 4. Bc4 Bg7 5. O-O e6 6. d3 a6 7. a4 Nge7 8. Re1
O-O 9. Bg5 h6 10. Bh4 d6 11. h3 Qc7 12. Qd2 Nd4 13. Nxd4 cxd4 14. Ne2 Bd7 15.
Bxe7  1-0

[Event "28th 4NCL Congress"]
[Site "Leamington Spa"]
[Date "2022.07.10"]
[Round "5"]
[Board "1"]
[White "Hebden, Mark L"]
[Black "Quillan, Gary"]
[Result "1/2-1/2"]
[WhiteElo "2546"]
[BlackElo "2386"]
[PlyCount "21"]
[EventDate "2022.07.08"]
[EventRounds "5"]
[EventCountry "ENG"]

1. d4 Nf6 2. Nf3 e6 3. e3 c5 4. c4 d5 5. cxd5 exd5 6. Bb5+ Bd7 7. Bxd7+ Nbxd7
8. dxc5 Nxc5 9. O-O Be7 10. Bd2 O-O 11. Bc3  1/2-1/2

[Event "28th 4NCL Congress"]
[Site "Leamington Spa"]
[Date "2022.07.10"]
[Round "5"]
[Board "2"]
[White "Gormally, Daniel W"]
[Black "Bradbury, Neil H"]
[Result "1-0"]
[WhiteElo "2494"]
[BlackElo "2274"]
[PlyCount "49"]
[EventDate "2022.07.08"]
[EventRounds "5"]
[EventCountry "ENG"]

1. d4 d5 2. c4 e6 3. Nf3 Be7 4. g3 Nf6 5. Bg2 O-O 6. O-O dxc4 7. Nc3 c5 8. dxc5
Bxc5 9. Qa4 Nbd7 10. Qxc4 a6 11. Qd3 Qc7 12. Bf4 e5 13. Be3 Re8 14. Ng5 Bxe3
15. fxe3 Nf8 16. Nd5 Qd8 17. Rad1 Bg4 18. Nxf6+ gxf6 19. Qc4 Qe7 20. Qxg4 fxg5
21. Bd5 Ne6 22. Qf5 h6 23. Qxe5 Nd8 24. Qf5 Qxe3+ 25. Rf2  1-0

[Event "28th 4NCL Congress"]
[Site "Leamington Spa"]
[Date "2022.07.10"]
[Round "5"]
[Board "3"]
[White "Ogunshola, Olugbemiga (Ben)"]
[Black "Bezuidenhout, Roland"]
[Result "0-1"]
[WhiteElo "2224"]
[BlackElo "2346"]
[PlyCount "112"]
[EventDate "2022.07.08"]
[EventRounds "5"]
[EventCountry "ENG"]

1. c4 e5 2. g3 d6 3. Nc3 Nf6 4. Bg2 Be7 5. Nf3 c6 6. d3 O-O 7. O-O Re8 8. Rb1
Bf8 9. Bg5 Nbd7 10. b4 h6 11. Bxf6 Nxf6 12. b5 d5 13. bxc6 bxc6 14. Nd2 Be6 15.
Qa4 a5 16. Rfc1 Bc5 17. cxd5 cxd5 18. Nce4 dxe4 19. Rxc5 exd3 20. Bxa8 dxe2 21.
Qxa5 Qxa8 22. Qxa8 Rxa8 23. Rxe5 Rxa2 24. Nf3 Ng4 25. Re4 Bd5 26. Re8+ Kh7 27.
Nd4 e1=Q+ 28. Rbxe1 Nxf2 29. Ne2 Nh3+ 30. Kf1 Ra3 31. Ng1 Ng5 32. Rc1 Ra2 33.
Re2 Ra4 34. Rd2 Be6 35. Ne2 Bh3+ 36. Kf2 Ne4+ 37. Ke3 Nxd2 38. Kxd2 Ra2+ 39.
Ke3 Bg4 40. Re1 g5 41. Kd3 Kg6 42. Ke3 Kh5 43. Kd3 Bxe2+ 44. Rxe2 Rxe2 45. Kxe2
Kg4 46. Kf2 Kh3 47. Kg1 f5 48. Kh1 h5 49. Kg1 g4 50. Kh1 h4 51. gxh4 Kxh4 52.
Kg2 f4 53. Kf2 Kh3 54. Kg1 f3 55. Kh1 g3 56. Kg1 f2+  0-1

[Event "28th 4NCL Congress"]
[Site "Leamington Spa"]
[Date "2022.07.10"]
[Round "5"]
[Board "4"]
[White "Sedykh, Mikhail"]
[Black "Buanne, Luca"]
[Result "1-0"]
[WhiteElo "2273"]
[BlackElo "2038"]
[PlyCount "143"]
[EventDate "2022.07.08"]
[EventRounds "5"]
[EventCountry "ENG"]

1. d4 Nf6 2. c4 e6 3. Nc3 Bb4 4. Qc2 c5 5. dxc5 O-O 6. Nf3 Na6 7. g3 Nxc5 8.
Bg2 Nce4 9. O-O Nxc3 10. bxc3 Be7 11. e4 d6 12. e5 dxe5 13. Nxe5 Qc7 14. Qe2
Bd6 15. Bf4 Nd7 16. Nxd7 Bxd7 17. Bxd6 Qxd6 18. Bxb7 Rab8 19. Rfd1 Qc7 20. Be4
Bc6 21. Rd4 Bxe4 22. Qxe4 Qa5 23. Qd3 g6 24. Rd7 Rbc8 25. Qd4 Rc7 26. Rd8 Qc5
27. Rxf8+ Qxf8 28. Rb1 Qc8 29. Qd6 Kg7 30. Qe5+ f6 31. Qa5 Rxc4 32. Qxa7+ Rc7
33. Qb6 Rxc3 34. a4 Ra3 35. Qb4 Ra2 36. Qe7+ Kh6 37. Qxf6 Rxa4 38. Re1 Qb7 39.
Qxe6 Rb4 40. Qe3+ Kg7 41. Qc3+ Kg8 42. Qd3 Kg7 43. h4 Rb5 44. Rc1 h5 45. Kh2
Rf5 46. Qd4+ Kh7 47. Re1 Qg7 48. Qe3 Qf7 49. Re2 Rf3 50. Qc5 Rf5 51. Qd4 Rf6
52. Kg1 Qg7 53. Qd8 Rf7 54. Qe8 Ra7 55. Kh2 Qf7 56. Qc6 Qb7 57. Qc5 Qg7 58. Re6
Rf7 59. Qe3 Rb7 60. Qe4 Rf7 61. Kg2 Ra7 62. Kh2 Rf7 63. Kg1 Rc7 64. g4 hxg4 65.
h5 Qa1+ 66. Kg2 Rg7 67. hxg6+ Kh6 68. Qf4+ Kh5 69. Re5+ Kxg6 70. Qg5+ Kf7 71.
Re7+ Kf8 72. Qxg7+  1-0

[Event "28th 4NCL Congress"]
[Site "Leamington Spa"]
[Date "2022.07.10"]
[Round "5"]
[Board "5"]
[White "Modi, Shyam Jagdish"]
[Black "Okhai, Shabir"]
[Result "1/2-1/2"]
[WhiteElo "2222"]
[BlackElo "2265"]
[PlyCount "37"]
[EventDate "2022.07.08"]
[EventRounds "5"]
[EventCountry "ENG"]

1. e4 e5 2. Nf3 Nc6 3. Bb5 a6 4. Ba4 Nf6 5. d4 exd4 6. O-O Be7 7. e5 Ne4 8.
Nxd4 O-O 9. Nf5 Nc5 10. Qg4 g6 11. Bxc6 dxc6 12. Nxe7+ Qxe7 13. Qg3 Re8 14. Re1
Bf5 15. Nc3 Ne6 16. Ne4 Bxe4 17. Rxe4 Qc5 18. c3 Qb5 19. Re1  1/2-1/2

[Event "28th 4NCL Congress"]
[Site "Leamington Spa"]
[Date "2022.07.10"]
[Round "5"]
[Board "6"]
[White "Payne, Matthew J"]
[Black "Gomez, Daniel"]
[Result "1-0"]
[WhiteElo "2230"]
[BlackElo "2094"]
[PlyCount "75"]
[EventDate "2022.07.08"]
[EventRounds "5"]
[EventCountry "ENG"]

1. e4 e5 2. Nf3 Nc6 3. d4 exd4 4. Bc4 Nf6 5. e5 d5 6. Bb5 Ne4 7. Nxd4 Bd7 8.
Bxc6 bxc6 9. O-O Bc5 10. f3 Ng5 11. f4 Ne4 12. Be3 Bb6 13. Nc3 Nxc3 14. bxc3 c5
15. Nb3 c4 16. Nc5 Bc6 17. f5 Qe7 18. Qd4 f6 19. exf6 gxf6 20. Rae1 O-O-O 21.
Bf2 Qf7 22. Re6 Rd6 23. Rfe1 Rhd8 24. Bg3 Qf8 25. Bf2 Rxe6 26. Rxe6 Rd6 27. Qf4
Bd7 28. Rxd6 Qxd6 29. Qxd6 cxd6 30. Nxd7 Kxd7 31. Bxb6 axb6 32. Kf2 d4 33. cxd4
Kc6 34. g4 b5 35. h4 h6 36. Ke3 b4 37. Ke4 Kb5 38. g5  1-0

[Event "28th 4NCL Congress"]
[Site "Leamington Spa"]
[Date "2022.07.10"]
[Round "5"]
[Board "7"]
[White "Agnew, Alan"]
[Black "Brewer, Callum D"]
[Result "0-1"]
[WhiteElo "2195"]
[BlackElo "2226"]
[PlyCount "72"]
[EventDate "2022.07.08"]
[EventRounds "5"]
[EventCountry "ENG"]

1. d4 Nf6 2. c4 e6 3. Nf3 d5 4. cxd5 exd5 5. Nc3 Bb4 6. Qa4+ Nc6 7. Bg5 h6 8.
Bxf6 Qxf6 9. e3 O-O 10. Be2 Be6 11. O-O a6 12. a3 Bd6 13. Qc2 Rfd8 14. Na4 Bf5
15. Qc3 b6 16. Rac1 Ne7 17. Qb3 g5 18. Nc3 g4 19. Nd2 h5 20. e4 Bf4 21. exf5
Bxd2 22. Rcd1 Bf4 23. g3 Bd6 24. Bd3 b5 25. Rfe1 c6 26. Bb1 Kg7 27. Qc2 Rh8 28.
Qe2 Rae8 29. Rd3 Nxf5 30. Qxe8 Rxe8 31. Rxe8 Nxd4 32. Kg2 Nf3 33. h4 Ne5 34.
Re3 Nc4 35. Re2 Qf3+ 36. Kg1 Bc5  0-1

[Event "28th 4NCL Congress"]
[Site "Leamington Spa"]
[Date "2022.07.10"]
[Round "5"]
[Board "8"]
[White "Li, Ethan Bingxuan"]
[Black "Gallana, Marco"]
[Result "0-1"]
[WhiteElo "1902"]
[BlackElo "2344"]
[PlyCount "54"]
[EventDate "2022.07.08"]
[EventRounds "5"]
[EventCountry "ENG"]

1. e4 c5 2. Nf3 Nc6 3. d4 cxd4 4. Nxd4 e5 5. Nb5 d6 6. Bc4 Be7 7. O-O a6 8.
N5c3 Nf6 9. Bg5 O-O 10. Re1 Bg4 11. Qd2 Rc8 12. Bxf6 Bxf6 13. Nd5 Nd4 14. Bb3
Bh4 15. c3 Nxb3 16. axb3 Be6 17. c4 f5 18. Nbc3 Kh8 19. Re2 b5 20. exf5 Bxf5
21. Rxa6 bxc4 22. bxc4 Rxc4 23. Ne3 Rd4 24. Nxf5 Rxd2 25. Rxd2 Qc8 26. Ra4 Qxf5
27. f3 Be1  0-1

[Event "28th 4NCL Congress"]
[Site "Leamington Spa"]
[Date "2022.07.10"]
[Round "5"]
[Board "9"]
[White "Davies, Nigel R"]
[Black "Ackley, Peter JE"]
[Result "1/2-1/2"]
[WhiteElo "2441"]
[BlackElo "2092"]
[PlyCount "119"]
[EventDate "2022.07.08"]
[EventRounds "5"]
[EventCountry "ENG"]

1. d4 d6 2. Nf3 g6 3. e4 Bg7 4. c3 Nf6 5. Bd3 O-O 6. O-O Nc6 7. Re1 e5 8. Nbd2
Nh5 9. Nb3 h6 10. Bf1 a5 11. a4 Qf6 12. d5 Nd8 13. g3 Qe7 14. Bd2 b6 15. Nc1
Bd7 16. Nd3 Qe8 17. Nh4 f5 18. exf5 gxf5 19. f4 e4 20. Nf2 Nf6 21. Be3 Qf7 22.
Bc4 Kh7 23. Ng2 Rg8 24. Bd4 Ng4 25. Nxg4 Bxd4+ 26. Qxd4 Rxg4 27. Be2 Rg8 28.
Qd1 Qg7 29. Ne3 Nf7 30. Kh1 Nh8 31. Rg1 Ng6 32. Bb5 Bxb5 33. axb5 Qf7 34. b4
Ne7 35. bxa5 Rxa5 36. Rxa5 bxa5 37. Rg2 Ra8 38. Qa4 Nc8 39. g4 Nb6 40. Qd4 Qg7
41. Qxg7+ Kxg7 42. Nxf5+ Kg6 43. Ne3 a4 44. h4 a3 45. Ra2 Ra5 46. Kg2 Rxb5 47.
Rxa3 Nxd5 48. Nxd5 Rxd5 49. h5+ Kf6 50. c4 Rd4 51. c5 Rd2+ 52. Kg3 Rd3+ 53.
Rxd3 exd3 54. cxd6 d2 55. dxc7 d1=Q 56. c8=Q Qg1+ 57. Kf3 Qf1+ 58. Kg3 Qg1+ 59.
Kf3 Qf1+ 60. Kg3  1/2-1/2

[Event "28th 4NCL Congress"]
[Site "Leamington Spa"]
[Date "2022.07.10"]
[Round "5"]
[Board "10"]
[White "Jina, Taran"]
[Black "Taylor, Adam A"]
[Result "0-1"]
[WhiteElo "2131"]
[BlackElo "2288"]
[PlyCount "82"]
[EventDate "2022.07.08"]
[EventRounds "5"]
[EventCountry "ENG"]

1. Nf3 Nf6 2. g3 b6 3. Bg2 Bb7 4. O-O e6 5. c4 Be7 6. b3 c5 7. Bb2 O-O 8. d4 d5
9. Nbd2 Nc6 10. e3 Rc8 11. Rc1 Rc7 12. Ne5 cxd4 13. exd4 dxc4 14. Ndxc4 Qa8 15.
Nxc6 Bxc6 16. Bxc6 Rxc6 17. Qf3 Rfc8 18. Ne5 Rxc1 19. Rxc1 Rxc1+ 20. Bxc1 Qxf3
21. Nxf3 Nd5 22. Bd2 f6 23. Kf1 Kf7 24. Ke2 Ke8 25. Ne1 b5 26. Nc2 Kd7 27. Kd3
Kc6 28. Ba5 h5 29. Bd2 g5 30. f3 g4 31. f4 f5 32. Be1 h4 33. Ne3 Nxe3 34. Kxe3
h3 35. b4 Kd5 36. Kd3 Bd6 37. Bd2 Bc7 38. Bc1 Bb6 39. Be3 Bd8 40. Bc1 Bf6 41.
Bb2 Bh4  0-1

[Event "28th 4NCL Congress"]
[Site "Leamington Spa"]
[Date "2022.07.10"]
[Round "5"]
[Board "11"]
[White "Carroll, Thomas"]
[Black "Goater, Kevin P"]
[Result "1/2-1/2"]
[WhiteElo "2226"]
[BlackElo "2115"]
[PlyCount "40"]
[EventDate "2022.07.08"]
[EventRounds "5"]
[EventCountry "ENG"]

1. d4 c6 2. c4 d5 3. Nc3 e6 4. e3 f5 5. Be2 Nf6 6. h3 Bd6 7. Bd2 b6 8. Qc2 Qe7
9. cxd5 exd5 10. Nb5 Be6 11. Nxd6+ Qxd6 12. Rc1 O-O 13. Nf3 Ne4 14. a3 c5 15.
dxc5 bxc5 16. O-O Nd7 17. Rfd1 Rac8 18. Be1 Ndf6 19. Bc3 Qb6 20. Bxf6 Rxf6
 1/2-1/2